The effect of utilizing empirically derived values of coalescence efficiency in a microphysical cloud model. --.

Bibliographic Details
Main Author: Tag, Paul M.
Format: Government Document Book
Language:English
Published: Monterey, Calif. : Environmental Prediction Research Facility, Naval Postgraduate School, 1974.
Series:ENVPREDRSCHFAC technical paper ; no. 13-74.
Subjects:

MARC

Tag First Indicator Second Indicator Subfields
LEADER 00000cam a2200000Ii 4500
001 in00002276830
005 20151105090030.0
008 750326s1974 caua f000 0 eng d
035 |a (OCoLC)ocm01238059 
040 |a OLA  |c OLA  |d TXA  |d UtOrBLW 
049 |a UDOC 
086 0 |a D 208.14:TP 13-74 
090 |a QC983  |b .U552 no.13-74 
100 1 |a Tag, Paul M. 
245 1 4 |a The effect of utilizing empirically derived values of coalescence efficiency in a microphysical cloud model. --. 
264 1 |a Monterey, Calif. :  |b Environmental Prediction Research Facility, Naval Postgraduate School,  |c 1974. 
300 |a 38 pages :  |b illustrations ;  |c 27 cm. -- 
336 |a text  |b txt  |2 rdacontent 
337 |a unmediated  |b n  |2 rdamedia 
338 |a volume  |b nc  |2 rdacarrier 
490 1 |a ENVPREDRSCHFAC Technical paper ;  |v no. 13-74 
650 0 |a Clouds  |x Mathematical models. 
650 0 |a Cloud physics. 
830 0 |a ENVPREDRSCHFAC technical paper ;  |v no. 13-74. 
948 |a cataloged  |b h  |c 2007/07/25  |e revaughan  |f 10:18:22 am 
994 |a C0  |b TXA 
999 |a MARS 
999 f f |s 43c37aa8-e591-3861-a138-90ea2aeaf27b  |i 1e924121-17ef-30b4-8508-29778ddcaf49  |t 0 
952 f f |p normal  |a Texas A&M University  |b College Station  |c Sterling C. Evans Library  |d Evans: US Documents (Annex 5th floor)  |t 0  |e D 208.14:TP 13-74  |h Superintendent of Documents classification  |i unmediated -- volume  |m A14836299579 
998 f f |a D 208.14:TP 13-74  |t 0  |l Evans: US Documents (Annex 5th floor)